000
00298nam a2200121Ia 4500
005
20251222141948.0
008
251222s9999||||xx |||||||||||||| ||spa||
082
_a
REF.463/R31
245
0
_a
Diccionario de la Lengua EspaƱola
250
_a
1ra.ed.
264
_b
Real Academia EspaƱola
942
_c
LIB
999
_c
9578
_d
9578